Doing Journeys - Transatlantische Reisen von Lateinamerika nach Europa schreiben, 1839-1910
| Titel: | Doing Journeys - Transatlantische Reisen von Lateinamerika nach Europa schreiben, 1839-1910 / Lilli Riettiens |
|---|---|
| Verfasser: | |
| Ausgabe: | 1. Auflage |
| Veröffentlicht: | Bielefeld : transcript, 2021 |
| Umfang: | 1 Online-Ressource (276 pages) |
| Format: | E-Book |
| Sprache: | Deutsch |
| Schriftenreihe/ mehrbändiges Werk: |
Nomos eLibrary EBS Inlibra Nomos und Partner 2026 Nomos eLibrary Open Access |
| RVK-Notation: | |
| ISBN: | 9783839456736 ; 9783837656732 |
alg: 54253470 001A $06055:02-03-26 001B $01999:08-03-26 $t01:02:24.000 001D $06055:02-03-26 001U $0utf8 001X $00 002@ $0Oax 002C $aText $btxt $2rdacontent 002D $aComputermedien $bc $2rdamedia 002E $aOnline-Ressource $bcr $2rdacarrier 003@ $0542534703 004A $A978-3-8394-5673-6 $f(Online) 004O $A978-3-8376-5673-2 $Sp $f(Print) 004P $010.14361/9783839456736 007A $0542534703 $aHEB 007I $0inlibra-10.14361/9783839456736 009Q $S0 $uhttps://www.inlibra.com/?doi=10.14361/9783839456736 $xR 010@ $ager 011@ $a2021 013D $RWissenschaftliche Literatur $#Dissertations, Academic $#Thèses et écrits académiques $#Hochschulschrift $74113937-9 $8Hochschulschrift [Tsz] $9085338818 017B $aZDB-18-NEA 017B $aZDB-18-NOLN 017B $aZDB-18-NOL 017B $aZDB-18-NOLP 021A $aDoing Journeys - Transatlantische Reisen von Lateinamerika nach Europa schreiben, 1839-1910 $hLilli Riettiens 028A $aRiettiens $BVerfasser $dLilli $4aut 032@ $a1. Auflage 033A $pBielefeld $ntranscript 033E $p[Baden-Baden] $nNomos Verlagsgesellschaft mbH & Co. KG 034D $a1 Online-Ressource (276 pages) 036G $aNomos eLibrary EBS Inlibra Nomos und Partner 2026 036G/01 $aNomos eLibrary Open Access 037J $aOpen Access $2star $uhttps://purl.org/coar/access_right/c_abf2 $fUnrestricted online access 044K $RFachliteratur $RBericht $RQuelle $RReiseliteratur $RErlebnisbericht $RTagebuch $RReisejournalismus $#Travelers' writings $#Récits de voyages $#Reisebericht $#Hodoeporicon $#Reisetagebuch $#Reisebeschreibung $#Reisebilder $#Reiseschilderung $#Reise Beschreibung $#Reisebriefe $#Reiseessay $#Reisereportage $#Reise Tagebuch Formschlagwort $#Reiseberichte $#Travel writing $74076645-7 $8Reisebericht [Ts1] $9085217158 044K $#Iberoamerika $74074032-8 $8Lateinamerika [Tg1] $9085208388 044K $#Abendland $#Okzident $74015701-5 $8Europa [Tgz] $908503617X 044K $RSchiff $#Steamboats $#Bateaux à vapeur $#Navi a vapore $#Barcos de vapor $#Dampfer $#Dampfschiffe $74010996-3 $8Dampfschiff [Ts1] $908502208X 044K $RReise $#Ocean travel $#Voyages en mer $#Viajes por mar $#Seereise $#Schiff Reise $74194681-9 $8Schiffsreise [Ts1] $9085974269 044K $RIberoromanisch $#Kastilisch $#Spanische Sprache $74077640-2 $8Spanisch [Ts1] $908522006X 045E $c910 $c860 045R $aGeschichte 1839-1910 045Z $8IQ 00305 [Tkv] $9408955775 047A $aSacherschließung maschinell aus paralleler Ausg. übernommen 047I $aLilli Riettiens untersucht spanischsprachige Reiseberichte, die von der Atlantiküberquerung mit dem Dampfschiff erzählen, und nimmt die reisenden Körper und ihre Praktiken in den Blick. Im Spannungsfeld von Körper und Raum beleuchtet sie die geografischen und sozialen Räume, die durch die Bewegung der reisenden Körper auf textueller Ebene entstehen. Ihre Perspektive zeigt die maßgebliche Beteiligung der schreibenden Transatlantikreisenden an der Herstellung sozialer Wirklichkeit(en). lok: 54253470 3 exp: 54253470 3 1 #EPN 201B/01 $002-03-26 $t23:54:17.988 201C/01 $002-03-26 201U/01 $0utf8 203@/01 $01335928774 208@/01 $a02-03-26 $bl 209S/01 $S0 $uhttps://www.inlibra.com/?doi=10.14361/9783839456736 $XR lok: 54253470 5 exp: 54253470 5 1 #EPN 201B/01 $002-03-26 $t23:54:17.992 201C/01 $002-03-26 201U/01 $0utf8 203@/01 $01335928782 208@/01 $a02-03-26 $bl 209S/01 $S0 $uhttps://www.inlibra.com/?doi=10.14361/9783839456736 $XR lok: 54253470 8 exp: 54253470 8 1 #EPN 201B/01 $002-03-26 $t23:54:17.994 201C/01 $002-03-26 201U/01 $0utf8 203@/01 $01335928790 208@/01 $a02-03-26 $bl 209S/01 $S0 $uhttps://www.inlibra.com/?doi=10.14361/9783839456736 $XR lok: 54253470 10 exp: 54253470 10 1 #EPN 201B/01 $002-03-26 $t23:54:17.997 201C/01 $002-03-26 201U/01 $0utf8 203@/01 $01335928804 208@/01 $a02-03-26 $bl 209S/01 $S0 $uhttps://www.inlibra.com/?doi=10.14361/9783839456736 $XR lok: 54253470 11 exp: 54253470 11 1 #EPN 201B/01 $008-03-26 $t01:02:24.143 201C/01 $008-03-26 201U/01 $0utf8 203@/01 $01337151041 208@/01 $a08-03-26 $bl 209S/01 $S0 $uhttps://www.inlibra.com/?doi=10.14361/9783839456736 $XR lok: 54253470 21 exp: 54253470 21 1 #EPN 201B/01 $002-03-26 $t23:54:18.000 201C/01 $002-03-26 201U/01 $0utf8 203@/01 $01335928812 208@/01 $a02-03-26 $bl 209S/01 $S0 $uhttps://www.inlibra.com/?doi=10.14361/9783839456736 $XR lok: 54253470 23 exp: 54253470 23 1 #EPN 201B/01 $002-03-26 $t23:54:18.003 201C/01 $002-03-26 201U/01 $0utf8 203@/01 $01335928820 208@/01 $a02-03-26 $bl 209S/01 $S0 $uhttps://www.inlibra.com/?doi=10.14361/9783839456736 $XR lok: 54253470 24 exp: 54253470 24 1 #EPN 201B/01 $008-03-26 $t01:02:24.147 201C/01 $008-03-26 201U/01 $0utf8 203@/01 $0133715105X 208@/01 $a08-03-26 $bl 209S/01 $S0 $uhttps://www.inlibra.com/?doi=10.14361/9783839456736 $XR lok: 54253470 25 exp: 54253470 25 1 #EPN 201B/01 $002-03-26 $t23:54:18.006 201C/01 $002-03-26 201U/01 $0utf8 203@/01 $01335928839 208@/01 $a02-03-26 $bl 209S/01 $S0 $uhttps://www.inlibra.com/?doi=10.14361/9783839456736 $XR lok: 54253470 36 exp: 54253470 36 1 #EPN 201B/01 $008-03-26 $t01:02:24.150 201C/01 $008-03-26 201U/01 $0utf8 203@/01 $01337151068 208@/01 $a08-03-26 $bl 209S/01 $S0 $uhttps://www.inlibra.com/?doi=10.14361/9783839456736 $XR lok: 54253470 107 exp: 54253470 107 1 #EPN 201B/01 $008-03-26 $t01:02:24.152 201C/01 $008-03-26 201U/01 $0utf8 203@/01 $01337151076 208@/01 $a08-03-26 $bl 209S/01 $S0 $uhttps://www.inlibra.com/?doi=10.14361/9783839456736 $XR lok: 54253470 108 exp: 54253470 108 1 #EPN 201B/01 $008-03-26 $t01:02:24.155 201C/01 $008-03-26 201U/01 $0utf8 203@/01 $01337151084 208@/01 $a08-03-26 $bl 209S/01 $S0 $uhttps://www.inlibra.com/?doi=10.14361/9783839456736 $XR lok: 54253470 204 exp: 54253470 204 1 #EPN 201B/01 $002-03-26 $t23:54:18.008 201C/01 $002-03-26 201U/01 $0utf8 203@/01 $01335928847 208@/01 $a02-03-26 $bl 209S/01 $S0 $uhttps://www.inlibra.com/?doi=10.14361/9783839456736 $XR lok: 54253470 205 exp: 54253470 205 1 #EPN 201B/01 $002-03-26 $t23:54:18.011 201C/01 $002-03-26 201U/01 $0utf8 203@/01 $01335928855 208@/01 $a02-03-26 $bl 209S/01 $S0 $uhttps://www.inlibra.com/?doi=10.14361/9783839456736 $XR
| LEADER | 00000cam a22000002c 4500 | ||
|---|---|---|---|
| 001 | 542534703 | ||
| 003 | DE-603 | ||
| 005 | 20260308010224.0 | ||
| 007 | cr|||||||||||| | ||
| 008 | 260302s2021 xx |||| om u00||u|ger c | ||
| 020 | |a 9783839456736 |c (Online) | ||
| 024 | 7 | |a 10.14361/9783839456736 |2 doi | |
| 035 | |a (DE-599)HEB542534703 | ||
| 040 | |a DE-603 |b ger |c DE-603 |d DE-603 | ||
| 041 | |a ger | ||
| 084 | |a 910 |a 860 |q DE-101 |2 sdnb | ||
| 084 | |a IQ 00305 |0 (DE-625)62670: |0 (DE-603)408955775 |2 rvk | ||
| 100 | 1 | |a Riettiens, Lilli |e Verfasser |4 aut | |
| 245 | 0 | 0 | |a Doing Journeys - Transatlantische Reisen von Lateinamerika nach Europa schreiben, 1839-1910 |c Lilli Riettiens |
| 250 | |a 1. Auflage | ||
| 264 | 1 | |a Bielefeld |b transcript |c 2021 | |
| 264 | 2 | |a [Baden-Baden] |b Nomos Verlagsgesellschaft mbH & Co. KG | |
| 300 | |a 1 Online-Ressource (276 pages) | ||
| 336 | |a Text |b txt |2 rdacontent | ||
| 337 | |a Computermedien |b c |2 rdamedia | ||
| 338 | |a Online-Ressource |b cr |2 rdacarrier | ||
| 490 | 0 | |a Nomos eLibrary EBS Inlibra Nomos und Partner 2026 | |
| 490 | 0 | |a Nomos eLibrary Open Access | |
| 520 | |a Lilli Riettiens untersucht spanischsprachige Reiseberichte, die von der Atlantiküberquerung mit dem Dampfschiff erzählen, und nimmt die reisenden Körper und ihre Praktiken in den Blick. Im Spannungsfeld von Körper und Raum beleuchtet sie die geografischen und sozialen Räume, die durch die Bewegung der reisenden Körper auf textueller Ebene entstehen. Ihre Perspektive zeigt die maßgebliche Beteiligung der schreibenden Transatlantikreisenden an der Herstellung sozialer Wirklichkeit(en). | ||
| 648 | 7 | |a Geschichte 1839-1910 |2 gnd | |
| 650 | 7 | |a Reisebericht |0 (DE-588)4076645-7 |0 (DE-603)085217158 |2 gnd | |
| 650 | 7 | |a Dampfschiff |0 (DE-588)4010996-3 |0 (DE-603)08502208X |2 gnd | |
| 650 | 7 | |a Schiffsreise |0 (DE-588)4194681-9 |0 (DE-603)085974269 |2 gnd | |
| 650 | 7 | |a Spanisch |0 (DE-588)4077640-2 |0 (DE-603)08522006X |2 gnd | |
| 651 | 7 | |a Lateinamerika |0 (DE-588)4074032-8 |0 (DE-603)085208388 |2 gnd | |
| 651 | 7 | |a Europa |0 (DE-588)4015701-5 |0 (DE-603)08503617X |2 gnd | |
| 655 | 7 | |a Hochschulschrift |2 gnd-content |0 (DE-588)4113937-9 |0 (DE-603)085338818 | |
| 776 | 1 | |z 9783837656732 | |
| 856 | |u https://www.inlibra.com/?doi=10.14361/9783839456736 |x Resolving-System |z kostenfrei | ||
| 912 | |a ZDB-18-NEA | ||
| 924 | 1 | |9 603 |a (DE-603)1335928774 |b DE-603 |c HES |d d | |
| 924 | 1 | |9 603 |a (DE-603)1335928782 |b DE-603 |c HES |d d | |
| 924 | 1 | |9 603 |a (DE-603)1335928790 |b DE-603 |c HES |d d | |
| 924 | 1 | |9 603 |a (DE-603)1335928804 |b DE-603 |c HES |d d | |
| 924 | 1 | |9 603 |a (DE-603)1337151041 |b DE-603 |c HES |d d | |
| 924 | 1 | |9 603 |a (DE-603)1335928812 |b DE-603 |c HES |d d | |
| 924 | 1 | |9 603 |a (DE-603)1335928820 |b DE-603 |c HES |d d | |
| 924 | 1 | |9 603 |a (DE-603)133715105X |b DE-603 |c HES |d d | |
| 924 | 1 | |9 603 |a (DE-603)1335928839 |b DE-603 |c HES |d d | |
| 924 | 1 | |9 603 |a (DE-603)1337151068 |b DE-603 |c HES |d d | |
| 924 | 1 | |9 603 |a (DE-603)1337151076 |b DE-603 |c HES |d d | |
| 924 | 1 | |9 603 |a (DE-603)1337151084 |b DE-603 |c HES |d d | |
| 924 | 1 | |9 603 |a (DE-603)1335928847 |b DE-603 |c HES |d d | |
| 924 | 1 | |9 603 |a (DE-603)1335928855 |b DE-603 |c HES |d d | |


